[Event "4NCL/Div4/NOTT2 vs. BRI2"]
[Site "Wokefield Park ENG"]
[Date "2008.05.03"]
[Round "9.1"]
[White "Wright, Antony J"]
[Black "Schmidt, Reiner"]
[Result "0-1"]
[WhiteElo "1995"]
[BlackElo "2175"]
[PlyCount "78"]
[EventDate "2008.05.03"]
[EventType "team"]
[EventRounds "11"]
[EventCountry "ENG"]
[SourceDate "2007.09.15"]

1. d4 Nf6 2. Bf4 g6 3. Nf3 Bg7 4. e3 d6 5. Bd3 Nc6 6. c3 Bg4 7. Nbd2 e5 8. Bg5
h6 9. Bxf6 Bxf6 10. Qb3 Rb8 11. d5 Ne7 12. h3 Bd7 13. Ne4 Bg7 14. g4 f5 15.
gxf5 gxf5 16. Nh4 fxe4 17. Bxe4 Bf6 18. Qd1 Bxh4 19. Qh5+ Kf8 20. Qxh4 Nf5 21.
Qh5 Qg5 22. Qf3 Ke7 23. O-O-O Rbf8 24. Rdg1 Qf6 25. Qd1 Kd8 26. Qb3 Kc8 27. c4
Rhg8 28. Qa3 Kb8 29. c5 dxc5 30. Qxc5 Nd6 31. Bh7 Rxg1+ 32. Rxg1 Qxf2 33. Rg7
Qf1+ 34. Kc2 Rf2+ 35. Kb3 Qd1+ 36. Bc2 Rxc2 37. Rg8+ Nc8 38. Rxc8+ Bxc8 39.
Qxc2 Qxc2+ 0-1

[Event "4NCL/Div4/NOTT2 vs. BRI2"]
[Site "Wokefield Park ENG"]
[Date "2008.05.04"]
[Round "9.2"]
[White "Thompson, Brian"]
[Black "Dilleigh, Stephen P"]
[Result "1/2-1/2"]
[WhiteElo "1928"]
[BlackElo "2128"]
[PlyCount "36"]
[EventDate "2008.05.03"]
[EventType "team"]
[EventRounds "11"]
[EventCountry "ENG"]
[SourceDate "2007.09.15"]

1. d4 e6 2. Nf3 Nf6 3. e3 d5 4. Bd3 c5 5. b3 Nc6 6. Nbd2 Bd6 7. Bb2 O-O 8. O-O
Qe7 9. Ne5 cxd4 10. exd4 Ba3 11. Bxa3 Qxa3 12. Nxc6 bxc6 13. Re1 Ba6 14. c4
dxc4 15. Nxc4 Bxc4 16. bxc4 Rfd8 17. Qf3 Qd6 18. Rad1 Rab8 1/2-1/2

[Event "4NCL/Div4/NOTT2 vs. BRI2"]
[Site "Wokefield Park ENG"]
[Date "2008.05.03"]
[Round "9.3"]
[White "Littlejohns, David P"]
[Black "Hill, Maurice J"]
[Result "1/2-1/2"]
[WhiteElo "2090"]
[BlackElo "1950"]
[PlyCount "68"]
[EventDate "2008.05.03"]
[EventType "team"]
[EventRounds "11"]
[EventCountry "ENG"]
[SourceDate "2007.09.15"]

1. e4 c5 2. Nc3 Nc6 3. g3 e6 4. Bg2 Be7 5. d3 Nf6 6. f4 d6 7. Nf3 a6 8. O-O Qc7
9. Kh1 Bd7 10. Be3 h5 11. Qd2 Ng4 12. h3 Nxe3 13. Qxe3 O-O-O 14. Rab1 Be8 15.
a3 d5 16. exd5 exd5 17. Qd2 g5 18. Nxg5 Bxg5 19. fxg5 Ne7 20. Qf4 d4 21. Qxc7+
Kxc7 22. Ne4 Rd5 23. h4 Nf5 24. Rbe1 Re5 25. Kh2 Bd7 26. Nf6 Ne3 27. Rg1 Be6
28. Rc1 Ng4+ 29. Nxg4 hxg4 30. Rgf1 Rxg5 {=} 31. Rce1 b6 32. Rf4 Kd6 33. Kg1
Re5 34. Rxe5 Kxe5 1/2-1/2

[Event "4NCL/Div4/NOTT2 vs. BRI2"]
[Site "Wokefield Park ENG"]
[Date "2008.05.04"]
[Round "9.4"]
[White "Bass, John W"]
[Black "Taylor, Robert P"]
[Result "1-0"]
[WhiteElo "2089"]
[BlackElo "1953"]
[PlyCount "75"]
[EventDate "2008.05.03"]
[EventType "team"]
[EventRounds "11"]
[EventCountry "ENG"]
[SourceDate "2007.09.15"]

1. d4 d5 2. c4 c6 3. Nf3 Nf6 4. e3 Bg4 5. Nbd2 e6 6. Bd3 Nbd7 7. O-O Rc8 8. e4
dxe4 9. Nxe4 Nxe4 10. Bxe4 Nf6 11. Bc2 Be7 12. Be3 O-O 13. h3 Bh5 14. Qe2 Qc7
15. Rac1 Rfe8 16. Rfd1 b6 17. Ba4 Red8 18. Bg5 Ne8 19. Bxe7 Qxe7 20. g4 Bg6 21.
Ne5 Qd6 22. c5 bxc5 23. dxc5 Qc7 24. Rxd8 Rxd8 25. Bxc6 Qa5 26. Qc4 Qd2 27. Qc3
Qf4 28. Nxg6 hxg6 29. Bxe8 Rxe8 30. c6 Rc8 31. b4 Qc7 32. b5 Rd8 33. a4 Rd5 34.
Qb4 e5 35. a5 Rd8 36. b6 axb6 37. axb6 Qc8 38. c7 1-0

[Event "4NCL/Div4/NOTT2 vs. BRI2"]
[Site "Wokefield Park ENG"]
[Date "2008.05.03"]
[Round "9.5"]
[White "Myers, Richard"]
[Black "Richardt, Mike"]
[Result "0-1"]
[WhiteElo "1845"]
[BlackElo "1955"]
[PlyCount "140"]
[EventDate "2008.05.03"]
[EventType "team"]
[EventRounds "11"]
[EventCountry "ENG"]
[SourceDate "2007.09.15"]

1. d4 d5 2. c4 Nc6 3. cxd5 Qxd5 4. Nf3 e5 5. Nc3 Bb4 6. Bd2 Bxc3 7. Bxc3 e4 8.
Ne5 Nxe5 9. dxe5 Be6 10. Qxd5 Bxd5 11. e3 Ne7 12. Be2 Nf5 13. O-O h5 14. a4
O-O-O 15. b4 g5 16. b5 g4 17. b6 axb6 18. a5 bxa5 19. Rxa5 b6 20. Ra7 Rhg8 21.
Rc1 Kb8 22. Ra3 h4 23. e6 fxe6 24. Be5 Rd7 25. Bb5 Rf7 26. Bc6 Bxc6 27. Rxc6
Kb7 28. Rac3 Rd8 29. Rc1 Nd6 30. Kf1 Rdd7 31. R6c2 Rf5 32. Bd4 c5 33. Bc3 Kc6
34. Ra2 g3 35. hxg3 hxg3 36. Be1 gxf2 37. Bxf2 Rdf7 38. Kg1 Rd5 39. Rb2 Rb7 40.
Kh2 b5 41. g4 Nc4 42. Ra2 Rd2 43. Rxd2 Nxd2 44. Kg3 Rf7 45. Be1 Nf3 46. Bb4 c4
47. Rd1 Rf6 48. Rd6+ Kc7 49. Ra6 Kb7 50. Rd6 Kc7 51. Ra6 Kb7 52. Rd6 Ne5 53.
Bc3 Rf3+ 54. Kh4 Nc6 55. Rxe6 Rxe3 56. g5 Rxc3 57. g6 Rd3 58. Rxe4 Rd8 59. Kg5
Kb6 60. Kf6 Rg8 61. Kf7 Rxg6 62. Kxg6 Kc5 63. Kf5 c3 64. Re1 b4 65. Ke4 Kc4 66.
Ke3 b3 67. Rh1 b2 68. Rh6 Nb4 69. Rh1 Kb3 70. Ke2 c2 0-1

[Event "4NCL/Div4/NOTT2 vs. BRI2"]
[Site "Wokefield Park ENG"]
[Date "2008.05.04"]
[Round "9.6"]
[White "Cranmer, Stan"]
[Black "Mayhew, Andrew"]
[Result "0-1"]
[WhiteElo "1910"]
[BlackElo "2021"]
[PlyCount "188"]
[EventDate "2008.05.03"]
[EventType "team"]
[EventRounds "11"]
[EventCountry "ENG"]
[SourceDate "2007.09.15"]

1. d4 Nf6 2. Nf3 g6 3. Nc3 d5 4. Bf4 Bg7 5. Qd2 h6 6. O-O-O c6 7. h3 Nbd7 8.
Ne5 Nh5 9. Bh2 Nxe5 10. Bxe5 Bxe5 11. dxe5 e6 12. g4 Ng7 13. Ne4 Kf8 14. h4 Qe7
15. Nf6 Ne8 16. Nxe8 Kxe8 17. Bg2 h5 18. g5 b5 19. Qa5 Qc5 20. e3 Bd7 21. Rd4
Qb6 22. Qxb6 axb6 23. a3 Ke7 24. c3 Ra5 25. Rhd1 Rha8 26. Bf1 c5 27. Rf4 Ra4
28. e4 Rxe4 29. Rxe4 dxe4 30. Re1 Bc6 31. Bg2 Ra4 32. Re3 Bd5 33. Bf1 b4 34.
Bb5 bxa3 35. bxa3 Rxa3 36. c4 Rxe3 37. fxe3 Bb7 38. Kd2 Bc8 39. Bc6 b5 40. cxb5
Bd7 41. Bxe4 Bxb5 42. Kc3 Kd7 43. Bf3 Kc7 44. Bd1 Kc6 45. Bf3+ Kb6 46. Bd1 Bf1
47. Ba4 Bb5 48. Bd1 Ka5 49. Bb3 Be2 50. Bc2 c4 51. Be4 Kb5 52. Bg2 Kc5 53. Be4
Bd3 54. Bf3 Bb1 55. Bg2 Ba2 56. Be4 Bb3 57. Bf3 Ba4 58. Be2 Kd5 59. Bxc4+ Kxe5
60. Bd3 Bc6 61. Kd2 Be4 62. Bb5 Kf5 63. Be2 e5 64. Ke1 Bg2 65. Kf2 Bh3 66. Kg3
Bg4 67. Bd3+ Ke6 68. Bc4+ Ke7 69. Bd3 Bf5 70. Be2 f6 71. gxf6+ Kxf6 72. Bd1 Kg7
73. Ba4 Kh6 74. Be8 g5 75. Bf7 Bg6 76. Bc4 g4 77. Bd5 Kg7 78. Bb3 Kf6 79. Bc4
Ke7 80. Bd5 Kd6 81. Bg2 Kc5 82. Bf1 Kb4 83. Kf2 Kc3 84. Ke1 Be4 85. Bb5 Bf3 86.
Kf2 Kd2 87. Ba6 e4 88. Bb5 g3+ 89. Kxg3 Kxe3 90. Bc4 Bg4 91. Bd5 Kd4 92. Bb7 e3
93. Kg2 Kc3 94. Kf1 Kd2 0-1

[Event "4NCL/Div4/BRI2 vs. CELT2"]
[Site "Wokefield Park ENG"]
[Date "2008.05.04"]
[Round "9.2"]
[White "Bass, John W"]
[Black "Fathallah, Joe"]
[Result "1/2-1/2"]
[WhiteElo "2089"]
[BlackElo "1970"]
[PlyCount "54"]
[EventDate "2008.05.03"]
[EventType "team"]
[EventRounds "11"]
[EventCountry "ENG"]
[SourceDate "2007.09.15"]

1. d4 f5 2. g3 Nf6 3. Bg2 g6 4. Nf3 Bg7 5. O-O O-O 6. c4 d6 7. b3 Nc6 8. Bb2
Qe8 9. d5 Nd8 10. Nc3 e5 11. dxe6 Nxe6 12. e3 g5 13. Nd4 Nxd4 14. Qxd4 Qg6 15.
Nd5 Nxd5 16. Bxd5+ Kh8 17. Qxg7+ Qxg7 18. Bxg7+ Kxg7 19. f4 h6 20. Rfd1 Re8 21.
Kf2 Rb8 22. Rd2 Bd7 23. Rad1 Re7 24. c5 dxc5 25. Bxb7 Bb5 26. Bd5 Rbe8 27. Re1
Rd8 1/2-1/2

[Event "4NCL/Div4/BRI2 vs. CELT2"]
[Site "Wokefield Park ENG"]
[Date "2008.05.03"]
[Round "9.3"]
[White "Kitchen, Peter J"]
[Black "Littlejohns, David P"]
[Result "0-1"]
[WhiteElo "1875"]
[BlackElo "2090"]
[PlyCount "100"]
[EventDate "2008.05.03"]
[EventType "team"]
[EventRounds "11"]
[EventCountry "ENG"]
[SourceDate "2007.09.15"]

1. e4 c6 2. d4 d5 3. exd5 cxd5 4. c4 Nf6 5. Nc3 Nc6 6. Nf3 Bg4 7. cxd5 Nxd5 8.
Bb5 Nxc3 9. bxc3 Qa5 10. Qb3 Bxf3 11. gxf3 e6 12. O-O Bd6 13. d5 a6 14. Bxc6+
bxc6 15. dxe6 O-O 16. e7 Bxe7 17. Bf4 Bf6 18. Rac1 Qf5 19. Qc4 Rfe8 20. Kg2 Bg5
21. Bxg5 Qxg5+ 22. Kh1 Qf6 23. Qg4 Re5 24. Rfe1 Rxe1+ 25. Rxe1 Qxc3 26. Re3 Qc2
27. Qd7 h6 28. Re8+ Rxe8 29. Qxe8+ Kh7 30. Qxf7 Qb1+ 31. Kg2 Qg6+ 32. Qxg6+
Kxg6 33. f4 Kf5 34. Kf3 c5 35. Ke3 g6 36. Kd3 Ke6 37. Kc4 Kd6 38. h3 Kc6 39. f3
Kd6 40. h4 h5 41. a3 Kc6 42. Kc3 Kd5 43. Kd3 c4+ 44. Kc3 Kc5 45. Kc2 Kd4 46.
Kd2 c3+ 47. Kc2 Kc4 48. Kc1 Kb3 49. Kb1 Kxa3 50. Kc2 Kb4 0-1

[Event "4NCL/Div4/BRI2 vs. CELT2"]
[Site "Wokefield Park ENG"]
[Date "2008.05.04"]
[Round "9.4"]
[White "Larter, Nick"]
[Black "Mayhew, Andrew"]
[Result "0-1"]
[WhiteElo "1780"]
[BlackElo "2021"]
[PlyCount "68"]
[EventDate "2008.05.03"]
[EventType "team"]
[EventRounds "11"]
[EventCountry "ENG"]
[SourceDate "2007.09.15"]

1. e4 e5 2. Bc4 Nf6 3. d4 exd4 4. Nf3 Nc6 5. O-O Nxe4 6. Re1 d5 7. Bxd5 Qxd5 8.
Nc3 Qa5 9. Nxe4 Be6 10. Neg5 O-O-O 11. Nxe6 fxe6 12. Rxe6 Qd5 13. Qe2 Bd6 14.
Bg5 Rdf8 15. Qe4 Qb5 16. Qg4 Kb8 17. Rae1 Qxb2 18. Bc1 Qxc2 19. Qxg7 a6 20.
R6e2 Qc4 21. Nd2 Qxa2 22. Ne4 Qf7 23. Qh6 Bf4 24. Bxf4 Qxf4 25. Qe6 Re8 26. Qb3
Re5 27. f3 Rd8 28. Ra2 Rb5 29. Qc4 Ne5 30. Qxb5 axb5 31. Rea1 Qe3+ 32. Kh1 c6
33. Nc5 Nd7 34. f4 Nxc5 0-1

[Event "4NCL/Div4/BRI2 vs. CELT2"]
[Site "Wokefield Park ENG"]
[Date "2008.05.03"]
[Round "9.5"]
[White "Richardt, Mike"]
[Black "Buttell, David"]
[Result "1-0"]
[WhiteElo "1955"]
[BlackElo "1755"]
[PlyCount "81"]
[EventDate "2008.05.03"]
[EventType "team"]
[EventRounds "11"]
[EventCountry "ENG"]
[SourceDate "2007.09.15"]

1. d4 Nf6 2. c4 c5 3. d5 e6 4. Nc3 exd5 5. cxd5 d6 6. e4 g6 7. f4 Bg7 8. Nf3
O-O 9. Be2 a6 10. a4 Bg4 11. O-O Bxf3 12. Bxf3 Nbd7 13. Qc2 b6 14. h3 Rb8 15.
g4 b5 16. g5 Ne8 17. axb5 axb5 18. e5 dxe5 19. f5 gxf5 20. Qxf5 Nd6 21. Qg4 f5
22. gxf6 Rxf6 23. Bg5 e4 24. Bxf6 Nxf6 25. Qe6+ Kh8 26. Bxe4 Ndxe4 27. Nxe4
Nxe4 28. Qxe4 Bxb2 29. Ra7 Bd4+ 30. Kh1 Qg8 31. Qg2 b4 32. Rff7 Qxg2+ 33. Kxg2
c4 34. Rab7 Rxb7 35. Rxb7 b3 36. Kf3 c3 37. Rxb3 Be5 38. Ke2 Kg7 39. Rb6 Kf8
40. Kd3 Ke7 41. Re6+ 1-0

[Event "4NCL/Div4/BRI2 vs. CELT2"]
[Site "Wokefield Park ENG"]
[Date "2008.05.04"]
[Round "9.6"]
[White "Bromilow, Edward"]
[Black "Kitchen, Michael J"]
[Result "1-0"]
[WhiteElo "1951"]
[BlackElo "1730"]
[PlyCount "51"]
[EventDate "2008.05.03"]
[EventType "team"]
[EventRounds "11"]
[EventCountry "ENG"]
[SourceDate "2007.09.15"]

1. d4 Nf6 2. Nf3 e6 3. e3 d5 4. Bd3 c6 5. O-O Nbd7 6. Nbd2 Bd6 7. b3 O-O 8. Bb2
h6 9. Ne5 Bc7 10. f4 Re8 11. Kh1 c5 12. Rf3 cxd4 13. exd4 Nf8 14. Rh3 Qe7 15.
g4 Bxe5 16. dxe5 N6h7 17. Qf3 Bd7 18. Qg3 Bc6 19. Bd4 Rec8 20. Nf3 a6 21. g5
hxg5 22. Bxh7+ Nxh7 23. Rxh7 Kxh7 24. Nxg5+ Kg6 25. Qd3+ Kh5 26. Qh3+ 1-0

[Event "4NCL/Div4/CELT2 vs. NOTT2"]
[Site "Wokefield Park ENG"]
[Date "2008.05.03"]
[Round "9.1"]
[White "Josse, Mark"]
[Black "Thompson, Brian"]
[Result "1-0"]
[WhiteElo "1927"]
[BlackElo "1928"]
[PlyCount "57"]
[EventDate "2008.05.03"]
[EventType "team"]
[EventRounds "11"]
[EventCountry "ENG"]
[SourceDate "2007.09.15"]

1. e4 c5 2. Nf3 d6 3. d4 cxd4 4. Nxd4 Nf6 5. Nc3 g6 6. Be3 Bg7 7. f3 O-O 8. Qd2
Nc6 9. O-O-O Bd7 10. h4 Rc8 11. Kb1 Qa5 12. Nb3 Qc7 13. Bh6 Ne5 14. h5 b5 15.
Nd4 b4 16. Nd5 Nxd5 17. exd5 Bf5 18. Bxg7 Kxg7 19. Ba6 Rb8 20. g4 Bc8 21. hxg6
fxg6 22. Bxc8 Qxc8 23. Ne6+ Kg8 24. Rxh7 Rf7 25. Rxf7 Kxf7 26. Rh1 Qg8 27. Qd4
a5 28. f4 Nc6 29. Ng5+ 1-0

[Event "4NCL/Div4/CELT2 vs. NOTT2"]
[Site "Wokefield Park ENG"]
[Date "2008.05.04"]
[Round "9.2"]
[White "Fathallah, Joe"]
[Black "Wright, Antony J"]
[Result "1-0"]
[WhiteElo "1970"]
[BlackElo "1995"]
[PlyCount "63"]
[EventDate "2008.05.03"]
[EventType "team"]
[EventRounds "11"]
[EventCountry "ENG"]
[SourceDate "2007.09.15"]

1. d4 d5 2. c4 e6 3. Nc3 Nf6 4. cxd5 exd5 5. Bg5 Be7 6. e3 h6 7. Bh4 O-O 8. Bd3
Re8 9. Qc2 c6 10. Nge2 Nbd7 11. f3 Bb4 12. Bf2 c5 13. O-O c4 14. Bf5 Nb6 15.
Bxc8 Rxc8 16. a3 Bd6 17. e4 dxe4 18. fxe4 Ng4 19. e5 Nxf2 20. Rxf2 Bb8 21. Raf1
Rf8 22. Qe4 Qe7 23. Nf4 a6 24. Nfd5 Nxd5 25. Nxd5 Qe6 26. Nf6+ gxf6 27. Rxf6
Qd7 28. e6 Qd6 29. exf7+ Rxf7 30. Rxd6 Rxf1+ 31. Kxf1 Rf8+ 32. Kg1 1-0

[Event "4NCL/Div4/CELT2 vs. NOTT2"]
[Site "Wokefield Park ENG"]
[Date "2008.05.03"]
[Round "9.3"]
[White "Taylor, Robert P"]
[Black "Kitchen, Peter J"]
[Result "1/2-1/2"]
[WhiteElo "1953"]
[BlackElo "1875"]
[PlyCount "70"]
[EventDate "2008.05.03"]
[EventType "team"]
[EventRounds "11"]
[EventCountry "ENG"]
[SourceDate "2007.09.15"]

1. d4 e6 2. Nf3 d5 3. Bg5 Nf6 4. e3 Be7 5. c4 O-O 6. Nbd2 h6 7. Bh4 b6 8. Rc1
Nbd7 9. Bd3 Bb7 10. O-O c5 11. b3 Ne4 12. Bxe7 Qxe7 13. Qe2 Ndf6 14. Ne5 Nxd2
15. Qxd2 Rac8 16. Rc2 cxd4 17. exd4 dxc4 18. bxc4 Rc7 19. Rfc1 Rfc8 20. Qe3 Qd6
21. h3 Rd8 22. c5 Qxd4 23. Qxd4 Rxd4 24. cxb6 Rxc2 25. Rxc2 Nd5 26. bxa7 Ra4
27. Nc6 g6 28. Bb5 Ra3 29. Ne7+ Kg7 30. Nxd5 Bxd5 31. Rc7 Rxa2 32. Be8 e5 33.
Rd7 Be6 34. Rc7 Bd5 35. Rd7 Be6 1/2-1/2

[Event "4NCL/Div4/CELT2 vs. NOTT2"]
[Site "Wokefield Park ENG"]
[Date "2008.05.04"]
[Round "9.4"]
[White "Graham, Neil"]
[Black "Larter, Nick"]
[Result "1/2-1/2"]
[WhiteElo "1895"]
[BlackElo "1780"]
[PlyCount "53"]
[EventDate "2008.05.03"]
[EventType "team"]
[EventRounds "11"]
[EventCountry "ENG"]
[SourceDate "2007.09.15"]

1. d4 d5 2. e4 e6 3. Be3 dxe4 4. Nd2 Nf6 5. f3 exf3 6. Ngxf3 Bd7 7. Bd3 c5 8.
dxc5 Qa5 9. c3 Nd5 10. Bd4 Nc6 11. Nc4 Qc7 12. Qd2 Nxd4 13. cxd4 O-O-O 14. O-O
f6 15. g3 g5 16. Rfc1 Bc6 17. b4 Nxb4 18. Qxb4 Bxf3 19. Nd6+ Kb8 20. Nb5 Qc6
21. Qa5 Be7 22. Qxa7+ Kc8 23. Nd6+ Kc7 24. Rab1 Ra8 25. Qb6+ Qxb6 26. Rxb6 Bxd6
27. Rxd6 1/2-1/2

[Event "4NCL/Div4/CELT2 vs. NOTT2"]
[Site "Wokefield Park ENG"]
[Date "2008.05.03"]
[Round "9.5"]
[White "Buttell, David"]
[Black "Cranmer, Stan"]
[Result "1-0"]
[WhiteElo "1755"]
[BlackElo "1910"]
[PlyCount "59"]
[EventDate "2008.05.03"]
[EventType "team"]
[EventRounds "11"]
[EventCountry "ENG"]
[SourceDate "2007.09.15"]

1. d4 Nf6 2. c4 e5 3. dxe5 Ng4 4. Nf3 Bc5 5. e3 Nc6 6. Be2 O-O 7. O-O Ngxe5 8.
Nbd2 Re8 9. a3 a5 10. Nxe5 Nxe5 11. Nf3 Ra6 12. Qd5 Nxf3+ 13. Bxf3 Bd6 14. g3
Re5 15. Qd3 Bc5 16. Bd2 Rd6 17. Qc2 b6 18. Bc3 Re8 19. b4 axb4 20. axb4 Bxe3
21. fxe3 Rxe3 22. Bd5 Re7 23. b5 c5 24. Qb2 Rg6 25. Rf4 d6 26. Raf1 Be6 27.
Bxe6 Rgxe6 28. Bxg7 Re2 29. Qa1 Qd7 30. Bh8 1-0

[Event "4NCL/Div4/CELT2 vs. NOTT2"]
[Site "Wokefield Park ENG"]
[Date "2008.05.04"]
[Round "9.6"]
[White "Bannon, Senan"]
[Black "Hill, Maurice J"]
[Result "1/2-1/2"]
[WhiteElo "1507"]
[BlackElo "1950"]
[PlyCount "80"]
[EventDate "2008.05.03"]
[EventType "team"]
[EventRounds "11"]
[EventCountry "ENG"]
[SourceDate "2007.09.15"]

1. e4 c5 2. Nf3 a6 3. c4 e6 4. Nc3 Qc7 5. g3 Nc6 6. Bg2 Nf6 7. O-O Be7 8. d3
O-O 9. Bf4 d6 10. Rc1 Rd8 11. Bg5 Bd7 12. d4 cxd4 13. Nxd4 Nxd4 14. Qxd4 Bc6
15. Kh1 Rd7 16. f4 h6 17. Bh4 Qd8 18. Rcd1 Rb8 19. Qf2 Qa5 20. Qe2 Rbd8 21. g4
Ne8 22. Bxe7 Rxe7 23. h4 Red7 24. f5 Qe5 25. g5 exf5 26. Rxf5 Qg3 27. Qf2 Qxf2
28. Rxf2 hxg5 29. hxg5 Nc7 30. Bh3 Re7 31. Rdf1 Be8 32. Rd2 Ne6 33. Bxe6 Rxe6
34. c5 Bc6 35. Rfd1 Bxe4+ 36. Nxe4 Rxe4 37. cxd6 Rd7 38. Kh2 g6 39. Rc1 Re6 40.
Rcd1 Re5 1/2-1/2

[Event "4NCL/Div4/repaired - friendly"]
[Site "Wokefield Park ENG"]
[Date "2008.05.03"]
[Round "9"]
[White "Paul, Barnaby"]
[Black "Deswarte, Ian"]
[Result "0-1"]
[WhiteElo "1670"]
[BlackElo "1935"]
[PlyCount "64"]
[EventDate "2008.05.05"]
[EventType "game"]
[EventCountry "ENG"]
[SourceDate "2007.09.15"]

1. c4 e5 2. Nc3 d6 3. g3 Nf6 4. Bg2 c6 5. e3 Be7 6. Nge2 O-O 7. O-O Re8 8. d4
Qc7 9. b3 Nbd7 10. Bb2 Nb6 11. Qc2 Bf8 12. Rac1 g6 13. d5 Bd7 14. Rfd1 Rac8 15.
Qd2 Rcd8 16. Ba3 Qc8 17. dxc6 Bxc6 18. Bxc6 bxc6 19. Qc2 Qh3 20. f3 Bh6 21. Qd3
d5 22. cxd5 cxd5 23. Rc2 d4 24. exd4 exd4 25. Ne4 Nfd5 26. Nxd4 f5 27. Nf2 Be3
28. Kh1 Bxf2 29. Rxf2 Ne3 30. Re1 Ng4 31. Rxe8+ Rxe8 32. Re2 Qf1# 0-1

[Event "4NCL/Div4/repaired - friendly"]
[Site "Wokefield Park ENG"]
[Date "2008.05.03"]
[Round "9"]
[White "Quinn, Joseph"]
[Black "Williams, Peter A"]
[Result "0-1"]
[WhiteElo "1834"]
[BlackElo "1842"]
[PlyCount "48"]
[EventDate "2008.05.05"]
[EventType "game"]
[EventCountry "ENG"]
[SourceDate "2007.09.15"]

1. e4 e6 2. d4 d5 3. e5 c5 4. c3 Qb6 5. Nf3 Nc6 6. Be2 Bd7 7. O-O Be7 8. Re1
Nh6 9. Bxh6 Qxb2 10. Be3 Qxa1 11. Qd2 cxd4 12. Nxd4 Nxd4 13. Bxd4 Rc8 14. Rd1
Bc5 15. Na3 Qxd1+ 16. Qxd1 Bxa3 17. Qb3 Bc5 18. Qxb7 Bxd4 19. cxd4 Rc1+ 20. Bf1
a5 21. h3 Ke7 22. Qb6 Rhc8 23. g3 Ra1 24. Qxa5 Rcc1 0-1